LEADER 00962nam0-22003131i-450 001 990000241050403321 005 20200407155747.0 035 $a000024105 035 $aFED01000024105 035 $a(Aleph)000024105FED01 100 $a20001010d1997----km-y0itay50------ba 101 0 $aita 102 $aIT 105 $ay-------001yy 200 1 $aEspressionismo tedesco$earte e società$fa cura di Stephanie Barron e Wolf-Dieter Dube 210 $aMilano$cBompiani$d1997 215 $a399 p.$cill.$d30 cm 225 1 $aArte del '900 300 $aCatalogo della mostra omonima tenuta a Venezia, Palazzo Grassi, settembre 1997 - gennaio 1998 610 0 $aEspressionismo tedesco 702 1$aBarron,$bStephanie 702 1$aDube,$bWolf-Dieter 801 0$aIT$bUNINA$gRICA$2UNIMARC 901 $aBK 912 $a990000241050403321 952 $aD 288 CAN$b1229/373 AR$fDARPU 959 $aDARPU 996 $aEspressionismo tedesco$9116596 997 $aUNINA